Arte precolombino del occidente de México (Record no. 4225)

MARC details
000 -CABECERA
campo de control de longitud fija 01091nam a2200289 a 4500
001 - NÚMERO DE CONTROL
campo de control BRCA_4519
005 - FECHA Y HORA DE LA ÚLTIMA TRANSACCIÓN
campo de control 20190320204712.0
008 - DATOS DE LONGITUD FIJA--INFORMACIÓN GENERAL
campo de control de longitud fija 210910s1946----mx-a######---#000-0#spa-#
041 ## - CÓDIGO DE LENGUA
Código de lengua del texto/banda sonora o título independiente spa
044 ## - CÓDIGO DEL PAÍS DE LA ENTIDAD EDITORA/PRODUCTORA
Código MARC del país mx
050 #4 - SIGNATURA TOPOGRÁFICA DE LA BIBLIOTECA DEL CONGRESO
Número de clasificación F1219.3
Número de documento/Ítem .T67 1946
100 1# - ENTRADA PRINCIPAL--NOMBRE DE PERSONA
Nombre de persona Toscano, Salvador
9 (RLIN) 11443
245 10 - MENCIÓN DE TÍTULO
Título Arte precolombino del occidente de México
Mención de responsabilidad, etc. estudios de Salvador Toscano, Paul Kirchhoff y Daniel F. Rubin de la Borbolla ; prólogo de Carlos Pellicer.
260 ## - PUBLICACIÓN, DISTRIBUCIÓN, ETC.
Lugar de publicación, distribución, etc. México
Nombre del editor, distribuidor, etc. SEP
Fecha de publicación, distribución, etc. 1946
300 ## - DESCRIPCIÓN FÍSICA
Extensión 69 p.
Otras características físicas il. (algunas a color), 150 láminas
Dimensiones 22 cm.
500 ## - NOTA GENERAL
Nota general Estado físico: encuadernación desprendida y deteriorada
500 ## - NOTA GENERAL
Nota general Monografía que la Dirección General de Educación Estética publica con motivo de su exposición
500 ## - NOTA GENERAL
Nota general D1
650 14 - PUNTO DE ACCESO ADICIONAL DE MATERIA--TÉRMINO DE MATERIA
Término de materia o nombre geográfico como elemento de entrada Arte precolombino
Subdivisión geográfica México
9 (RLIN) 9926
651 #4 - PUNTO DE ACCESO ADICIONAL DE MATERIA--NOMBRE GEOGRÁFICO
Nombre geográfico México
Subdivisión general Antigüedades
9 (RLIN) 2765
700 1# - PUNTO DE ACCESO ADICIONAL--NOMBRE DE PERSONA
Nombre de persona Kirchhoff, Paul
9 (RLIN) 9833
700 1# - PUNTO DE ACCESO ADICIONAL--NOMBRE DE PERSONA
Nombre de persona Rubín de la Borbolla, Daniel
9 (RLIN) 4623
700 1# - PUNTO DE ACCESO ADICIONAL--NOMBRE DE PERSONA
Nombre de persona Pellicer, Carlos
Término indicativo de función/relación pról.
9 (RLIN) 7681
710 2# - PUNTO DE ACCESO ADICIONAL--NOMBRE DE ENTIDAD CORPORATIVA
Nombre de entidad corporativa o nombre de jurisdicción como elemento de entrada Dirección General de Educación Estética
9 (RLIN) 11444
902 ## - CATALOGADOR
Iniciales GFM
942 ## - ELEMENTOS DE PUNTO DE ACCESO ADICIONAL (KOHA)
Fuente del sistema de clasificación o colocación Library of Congress Classification
Tipo de ítem Koha Libros
Holdings
Estado de retiro Estado de pérdida Estado dañado No para préstamo Localización permanente Ubicación/localización actual Fecha de adquisición Número de inventario Total de préstamos Signatura topográfica completa Código de barras Fecha visto por última vez Precio válido a partir de Tipo de ítem Koha
El ejemplar forma parte de la colección y puede ser consultado según las políticas vigentes.       Biblioteca del Museo Franz Mayer (Rogerio Casas-Alatriste) Biblioteca del Museo Franz Mayer (Rogerio Casas-Alatriste) 21/09/2010 D1   F1219.3 .T67 1946 (D1) 4517 22/03/2019 22/03/2019 Libros